| 000 | 00355nam a22001337a 4500 | ||
|---|---|---|---|
| 020 | _a978-81-7608-894-7 | ||
| 082 |
_a540 _bCHA/C |
||
| 100 | _aR.CHADHA, MUNISH RATTI | ||
| 245 |
_aSELF MASTER OF CHEMISTRY _bCLASS XII |
||
| 260 |
_aJALANDHAR _bS.DINESH & CO _c2015 |
||
| 300 | _a521 | ||
| 650 |
_aCHEMISTRY QUESTION ANSWER BANK MOCK TESTS _zINDIA |
||
| 942 | _cBK | ||
| 999 |
_c700 _d700 |
||